Every peace treaty between the Ottoman and Russian empires - Statistics

General Stats
  • This quiz has been taken 25 times
  • The average score is 3 of 11
Answer Stats
Hint Answer % Correct
Russo-Turkish War of 1686-1700 Treaty of Constantinople
67%
Russo-Turkish War of 1806-1812 Treaty of Bucharest
42%
Crimean War (1853-1856) Treaty of Paris
42%
Russo-Turkish War of 1735-1739 Treaty of Niš
33%
Russo-Turkish War of 1877-1878 Treaty of San Stefano
33%
Caucasus Campaign (1914-1918) Treaty of Brest-Litovsk
29%
Russo-Turkish War of 1787-1792 Treaty of Iaşi
25%
Russo-Turkish War of 1768-1774 Treaty of Küçük-Kaynarca
21%
Russo-Turkish War of 1828-1829 Treaty of Adrianople
17%
Russo-Turkish War of 1710-1711 Treaty of Pruth
17%
Russo-Turkish War of 1676-1681 Treaty of Bakhchisarai
0%
No matching quizzes found
Score Distribution
Percent of People with Each Score
Percentile by Number Answered
Your Score History
You have not taken this quiz